Finančné účtovníctvo a riadenie s aplikáciou IAS/IFRS

Enregistré dans:
Détails bibliographiques
Format: Livre
Langue:slovaque
Publié: Banská Bystrica Fakulta financií Univerzity Mateja Bela v Banskej Bystrici 2004
Sujets:
Tags: Ajouter un tag
Pas de tags, Soyez le premier à ajouter un tag!

MARC

LEADER 00000nam$a2200000$$$4500
001 0033636
005 20240226122339.9
020 |a 80-8083-022-3 
041 0 |a slo 
044 |a SK 
245 1 0 |a Finančné účtovníctvo a riadenie s aplikáciou IAS/IFRS  |c kolektív autorov 
264 1 |a Banská Bystrica  |b Fakulta financií Univerzity Mateja Bela v Banskej Bystrici  |c 2004 
300 |a 369 s. 
610 2 0 |a účtovníctvo finančné 
610 2 0 |a manažment finančný 
610 2 0 |a výkazy finančné 
610 2 0 |a výnosy 
610 2 0 |a náklady 
610 2 0 |a výsledovka 
610 2 0 |a aktíva 
610 2 0 |a nástroje finančné 
610 2 0 |a investície finančné 
610 2 0 |a majetok dlhodobý 
610 2 0 |a IFRS